Rechtliche Aspekte des Nichtraucherschutzes : Schadenersatzrechtliche, beweisrechtliche und arbeitsrechtliche Aspekte des Nichtraucherschutzes unter Bezugnahme auf einschlägige deutsche und amerikanische Materialien /
Saved in:
| Main Author: | |
|---|---|
| Format: | Book |
| Language: | German |
| Published: |
Innsbruck :
Studia-Universitätsverlag,
1997.
|
| Series: | Rechtswissenschaftliche Reihe ;
3. |
| Subjects: | |
| Tags: |
Add Tag
No Tags, Be the first to tag this record!
|
| LEADER | 01087nam a2200277Ia 4500 | ||
|---|---|---|---|
| 001 | 008043509-2 | ||
| 005 | 20071119102423.0 | ||
| 008 | 071008s1997 au b 000 0 ger d | ||
| 020 | |a 3901502149 | ||
| 020 | |a 9783901502149 | ||
| 035 | 0 | |a ocn173821264 | |
| 040 | |a HVL |c HVL |d MH-L | ||
| 043 | |a n-us--- | ||
| 050 | 4 | |a KF3593 |b .K65x 1997 | |
| 100 | 1 | |a Koller, Erwin. | |
| 245 | 1 | 0 | |a Rechtliche Aspekte des Nichtraucherschutzes : |b Schadenersatzrechtliche, beweisrechtliche und arbeitsrechtliche Aspekte des Nichtraucherschutzes unter Bezugnahme auf einschlägige deutsche und amerikanische Materialien / |c [Erwin Koller]. |
| 260 | |a Innsbruck : |b Studia-Universitätsverlag, |c 1997. | ||
| 300 | |a 190 p. ; |c 24 cm. | ||
| 490 | 1 | |a Rechtswissenschaftliche Reihe ; |v Bd. 3 | |
| 500 | |a Abstract of thesis (Ph.D.)--Universität Innsbruck, 1997. | ||
| 504 | |a Includes bibliographical references (p. 180-190). | ||
| 650 | 0 | |a Smoking |x Law and legislation |z United States. | |
| 650 | 0 | |a Smoking |x Law and legislation. | |
| 830 | 0 | |a Rechtswissenschaftliche Reihe ; |v 3. | |
| 988 | |a 20020608 | ||
| 906 | |0 MH | ||


